[Event "?"]
[Site "Berliner Sommer"]
[Date "1995.??.??"]
[Round "?"]
[White "Kohler Thomas"]
[Black "Muse, Mladen"]
[Result "0-1"]
[WhiteElo "2285"]
[BlackElo "2445"]

1.d4 Nc6 2.Nf3 d5 3.c4 Bg4 4.Qa4 Bxf3 5.gxf3 e5 6.dxe5 Qh4 7.Nc3 Bc5
8.cxd5 Qxf2+ 9.Kd1 O-O-O 10.Qe4 Nge7 11.Bd2 Nxd5 12.Nxd5 Rxd5 13.Qxd5 Rd8
14.Bh3+ Kb8 15.Bd7 Bb4 16.Re1 Bxd2 17.Qxd2 Nxe5 18.Kc2 Rxd7 19.Qc3 Nc6
20.Rad1 Rxd1 21.Kxd1 f6 22.b4 Qxh2 23.Qc5 a6 24.Qf8+ Ka7 25.Qc5+ Ka8
26.a4 Qf4 27.b5 Qxa4+ 28.Kd2 Qa5+ 29.Kd1 axb5 30.e3 Ne5 31.Re2 Qa1+
32.Kc2 Qa2+ 33.Kd1 Qb1+ 34.Kd2 Nc4+ 35.Kc3 Qa1+ 36.Kb3 Qd1+ 37.Rc2 Qd3+
38.Rc3 Qb1# 0-1

[Event "?"]
[Site "Berliner Sommer"]
[Date "1995.??.??"]
[Round "?"]
[White "Chuchelov, Vladimir"]
[Black "Dgebuadze, Alexandre"]
[Result "1/2-1/2"]
[WhiteElo "2550"]
[BlackElo "2435"]

1.d4 e6 2.Nf3 d5 3.c4 c6 4.Nbd2 f5 5.g3 Bd6 6.Bg2 Nd7 7.O-O Ngf6 8.Qc2 O-O
9.b3 Ne4 10.Bb2 Qf6 11.Ne1 Qh6 12.Nxe4 fxe4 13.f3 Nf6 14.Qc1 Qh5
15.Nc2 e5 16.cxd5 exf3 17.exf3 Nxd5 18.dxe5 Bxe5 19.Bxe5 Qxe5 20.Qd2 Qf6
21.f4 Rd8 22.Qf2 Bf5 23.Rfe1 Bxc2 24.Qxc2 Ne3 25.Qf2 Nxg2 26.Kxg2 Rd5
27.Rac1 Rad8 28.Re2 b6 29.Rce1 h6 30.Re5 Rxe5 31.Rxe5 c5 32.Qf3 Qd6
33.Qg4 Qc6+ 34.Kh3 Rd2 35.Re2 Rxe2 36.Qxe2 1/2-1/2

[Event "?"]
[Site "Berliner Sommer"]
[Date "1995.??.??"]
[Round "?"]
[White "Keil, Uwe"]
[Black "Heinig, Wolfram Dr."]
[Result "1-0"]
[WhiteElo "1985"]
[BlackElo "2325"]

1.g3 d5 2.Bg2 Nf6 3.d3 e5 4.Nd2 Bc5 5.Ngf3 e4 6.Ne5 Qe7 7.f4 exf3
8.Ndxf3 Nc6 9.Nxc6 bxc6 10.d4 Bd6 11.Bg5 Rb8 12.O-O Rxb2 13.Nh4 h6
14.Bxf6 gxf6 15.Qd3 Be6 16.e4 Kf8 17.exd5 cxd5 18.Rae1 c6 19.Bh3 Bxh3
20.Rxe7 Bxf1 21.Rxf7+ Kxf7 22.Qg6+ Ke6 23.Qf5+ Kf7 24.Kxf1 Rb7
25.Qg6+ Ke6 26.Qg4+ Kf7 27.Nf5 Bf8 28.Qh5+ Ke6 29.Qe8+ Kxf5 30.Qc8+ Ke4
31.Qxb7 Kxd4 32.Qxc6 Be7 33.Qe6 Bd8 34.Ke2 a5 35.a4 Kc5 36.Kd3 h5
37.Qf7 Kd6 38.c4 dxc4+ 39.Kxc4 h4 40.g4 h3 41.Qd5+ Ke7 42.Qb7+ Ke6
43.Qe4+ Kd6 44.Kb5 Rg8 45.Qd4+ Ke7 46.Kc6 Re8 47.g5 Kf8 48.g6 Re6+
49.Kd7 Bb6 50.Qh4 Re7+ 51.Kc6 Re6+ 52.Kb7 f5 53.Qh8+ Ke7 54.g7 Bd4
55.Qf8+ Kd7 56.Qc8+ 1-0